01402nam0a22003251 4500001001100000005001700011035002600028100004100054101001300095102000700108105001800115200025000133210003100383215003600414311011600450320005100566320003900617454009400656606006400750686002200814701003000836701003200866701001800898702003000916702004000946702003200986801001801018801002201036852001801058rc\220714120250623031046.0 a(NLR Aleph) 006541320 a20110826d1978 |||y0rusy50 ca1 arusceng aRU aa z |||||1 aПетрология углейfЭ. Штах, М.-П. Маковски, М. Тейхмюллер и др.gПеревод с англ. С.В. Глушнева и др.gПод ред. И.В. Еремина и Н.П. Гречишникова aМоскваcМирd1978 a554 с., 1 л. ил.cил.d22 aПеревод изд.: Coal petrology / By E. Stach, M.-Th. Mackowsky, M. Teichmuller etc. C Borntraeger, 1975 aБиблиогр.: с. 514-538 (557 назв.) aПредм. указ.: с. 539-548 012001#$aCoal petrology$fBy E. Stach, M.-Th. Mackowsky, M. Teichmuller etc.tCoal petrology aУгли ископаемыеxПетрография2psbo aД453.3,072rubbk 1aМаковскиbМ.-П. 1aТейхмюллерbМ. 1aШтахbЭ. 1aЕреминbИ.В.4340 1aГречишниковbН.П.4340 1aГлушневbС.В.4730 0aRUbNLRgpsbo 1aRUbELAR2rusmarc aNLRj79-5/798